[Event "Hessen-ch U14/18 Girls"]
[Site "Bad Homburg"]
[Date "2012.??.??"]
[Round "5"]
[White "Krausse, Vanessa"]
[Black "Janzen, Sabine"]
[Result "1-0"]
[WhiteElo "1278"]
[BlackElo "1095"]
[PlyCount "87"]
[EventDate "2012.04.??"]
[EventType "swiss"]
[EventRounds "9"]
[EventCountry "GER"]
[SourceTitle "EXT 2015"]
[Source "ChessBase"]
[SourceDate "2014.11.20"]
[SourceVersion "1"]
[SourceVersionDate "2014.11.20"]
[SourceQuality "1"]

1. e4 e5 2. Nf3 Nf6 3. Nc3 Bb4 4. a3 Bxc3 5. bxc3 d5 6. Nxe5 Qe7 7. d4 Nxe4 8. c4 f6 9. cxd5 fxe5 10. Bb5+ Bd7 11. Bxd7+ Nxd7 12. 0-0 Nc3 13. Qf3 exd4 14. Bb2 0-0-0 15. Qg4 Kb8 16. Rae1 Qd6 17. Qxd4 Nb5 18. Qe3 Nf6 19. c4 Rhe8 20. Qf3 Ng4 21. Qxg4 Nxa3 22. Re6 Rxe6 23. Qxe6 Qxe6 24. dxe6 Nxc4 25. Bxg7 b5 26. f4 Ne3 27. Re1 Nf5 28. Bc3 c5 29. g4 b4 30. gxf5 bxc3 31. Rc1 Re8 32. Rxc3 Kc7 33. Rxc5+ Kd6 34. Ra5 Re7 35. Kf2 Kc6 36. Re5 Kd6 37. Ke3 a6 38. Ke4 Kc6 39. f6 Re8 40. Kf5 Kd6 41. f7 Rf8 42. Kf6 h6 43. e7 Rh8 44. f8Q 1-0

[Event "GER-chT U14 Girls"]
[Site "Arendsee"]
[Date "2011.12.30"]
[Round "7.4"]
[White "Janzen, Sabine"]
[Black "Schaller, Bettina"]
[Result "0-1"]
[WhiteElo "1094"]
[BlackElo "1089"]
[PlyCount "78"]
[EventDate "2011.12.27"]
[EventType "team-swiss"]
[EventRounds "7"]
[EventCountry "GER"]
[SourceTitle "EXT 2022"]
[Source "ChessBase"]
[SourceDate "2021.10.06"]
[SourceVersion "1"]
[SourceVersionDate "2021.10.06"]
[SourceQuality "1"]
[WhiteTeam "Bad Hersfeld U14 Girls"]
[BlackTeam "Welper SV U14 Girls"]
[WhiteTeamCountry "GER"]
[BlackTeamCountry "GER"]

1. e4 g6 2. Nf3 Bg7 3. d4 d6 4. Bb5+ c6 5. Ba4 Nf6 6. Nc3 0-0 7. e5 dxe5 8. Nxe5 Bf5 9. Be3 Nbd7 10. Bb3 Nxe5 11. dxe5 Ng4 12. f4 Nxe3 13. Qf3 Nxc2+ 14. Bxc2 Bxc2 15. 0-0 Bf5 16. Rad1 Qb6+ 17. Qf2 Qxf2+ 18. Rxf2 Rad8 19. Rxd8 Rxd8 20. h3 f6 21. exf6 Bxf6 22. Rf3 Rd2 23. b3 Bxc3 24. Rxc3 Rxa2 25. Re3 Kf7 26. Kf1 b5 27. Rc3 Be4 28. Rg3 c5 29. Kg1 c4 30. bxc4 bxc4 31. Kf1 a5 32. Kg1 a4 33. Kf1 Rc2 34. Rg4 a3 35. Rg3 a2 36. Kg1 a1Q+ 37. Kh2 Qf1 38. h4 Rxg2+ 39. Rxg2 Qxg2# 0-1

[Event "GER-chT U14 Girls"]
[Site "Arendsee"]
[Date "2011.12.29"]
[Round "5.4"]
[White "Froehlich, Jonna"]
[Black "Janzen, Sabine"]
[Result "0-1"]
[WhiteElo "789"]
[BlackElo "1094"]
[PlyCount "40"]
[EventDate "2011.12.27"]
[EventType "team-swiss"]
[EventRounds "7"]
[EventCountry "GER"]
[SourceTitle "EXT 2022"]
[Source "ChessBase"]
[SourceDate "2021.10.06"]
[SourceVersion "1"]
[SourceVersionDate "2021.10.06"]
[SourceQuality "1"]
[WhiteTeam "Harksheide U14 Girls"]
[BlackTeam "Bad Hersfeld U14 Girls"]
[WhiteTeamCountry "GER"]
[BlackTeamCountry "GER"]

1. e4 e5 2. Nf3 Nc6 3. Nc3 Nf6 4. Bc4 Nxe4 5. 0-0 Nxc3 6. dxc3 Bc5 7. Re1 Qf6 8. Re2 d6 9. Bf4 Qxf4 10. Bb5 0-0 11. Qd5 Be6 12. Qd3 a6 13. Ba4 Qxa4 14. Ng5 g6 15. Qh3 Bxh3 16. Re4 Qb5 17. a4 Qxb2 18. Ree1 Qxc2 19. Rf1 Be3 20. fxe3 Qxg2# 0-1